English Counties by Size - Statistics

General Stats
  • This quiz has been taken 23 times
  • The average score is 21 of 48
Answer Stats
Size (km2) Hint Answer % Correct
8,654 N North Yorkshire
100%
6,768 C Cumbria
93%
6,977 L Lincolnshire
93%
6,707 D Devon
86%
5,384 N Norfolk
71%
3,562 C Cornwall
64%
3,664 E Essex
64%
3,738 K Kent
64%
5,020 N Northumberland
64%
2,653 D Dorset
57%
382 R Rutland
57%
3,150 G Gloucestershire
50%
2,605 O Oxfordshire
50%
3,800 S Suffolk
50%
540 T Tyne and Wear
50%
3,485 W Wiltshire
50%
2.89 C City of London
43%
2,475 E East Riding of Yorkshire
43%
1,276 G Greater Manchester
43%
3,769 H Hampshire
43%
380 I Isle of Wight
43%
3,066 L Lancashire
43%
2,364 N Northamptonshire
43%
2,159 N Nottinghamshire
43%
4,170 S Somerset
43%
902 W West Midlands
43%
1,262 B Berkshire
36%
110 B Bristol
36%
3,390 C Cambridgeshire
36%
2,180 H Herefordshire
36%
652 M Merseyside
36%
1,235 B Bedfordshire
29%
1,874 B Buckinghamshire
29%
2,625 D Derbyshire
29%
1,569 G Greater London
29%
1,643 H Hertfordshire
29%
2,156 L Leicestershire
29%
3,488 S Shropshire
29%
2,714 S Staffordshire
29%
2,346 C Cheshire
21%
1,791 E East Sussex
21%
1,552 S South Yorkshire
21%
1,975 W Warwickshire
21%
1,991 W West Sussex
21%
2,029 W West Yorkshire
21%
1,741 W Worcestershire
21%
1,663 S Surrey
14%
2,676 C County Durham
7%
No matching quizzes found
Score Distribution
Percent of People with Each Score
Percentile by Number Answered
Your Score History
You have not taken this quiz